| 000 | 01573nam a2200361 c 4500 | ||
|---|---|---|---|
| 003 | BLK | ||
| 005 | 20250218144146.0 | ||
| 008 | 180411b bul|||||r ||||||| ||bul|| | ||
| 010 | _aKNG00186761000 | ||
| 020 |
_a978-954-608-226-8 _bиздат.: Труд и право |
||
| 040 | _aBLK | ||
| 041 |
_aBUL _cBUL |
||
| 072 | 7 |
_2bullib _aН34 _xПраво Н |
|
| 080 |
_aОблигационно право. Задължения, договори, споразумения _b347.4 _x _z347.4 |
||
| 100 | 1 |
_aГолева, Поля Неделчева _eпърви автор _9248221 |
|
| 139 |
_aНеизпълнение на договора _bН 47 |
||
| 245 | 1 | 0 |
_aНеизпълнение на договора _bКомент. на нормат. уредба, преглед и анализ на съдебната практика, практ. проблеми _cПоля Неделчева Голева. |
| 257 | _aBGR | ||
| 260 |
_аСофия _bТруд и право _c2015 _fКостинброд : Мултипринт |
||
| 300 |
_a440 с. _c21 см |
||
| 380 | _a3 | ||
| 500 | _aСъдържа и за авт. - Библиогр. под линия. | ||
| 650 | 4 |
_aДоговори - правни въпроси _9252500 |
|
| 653 | _aдоговорно право | ||
| 653 | _aдоговори | ||
| 659 | _aН | ||
| 852 | _aЦб 279700 | ||
| 856 | 4 |
_qpdf _u |
|
| 856 | 4 |
_qpdf _u |
|
| 942 |
_cKNG _n0 _014 |
||
| 944 |
_aCR _c01.03.2016 _lМинев Младен _k30530 |
||
| 944 |
_aED _c14.12.2017 _lф / _kЛюдмила_Стоянова |
||
| 999 |
_c178062 _d178062 |
||